Hotels (Record no. 79422)
[ view plain ]
| 000 -LEADER | |
|---|---|
| fixed length control field | 00669cab a2200181 4500 |
| 001 - CONTROL NUMBER | |
| control field | L141141 |
| 008 - FIXED-LENGTH DATA ELEMENTS--GENERAL INFORMATION | |
| fixed length control field | 060306n20071026xxkao f 000 0 eng d |
| 035 ## - SYSTEM CONTROL NUMBER | |
| System control number | (Sirsi) u141141 |
| 041 0# - LANGUAGE CODE | |
| Language code of text/sound track or separate title | eng |
| 100 1# - MAIN ENTRY--PERSONAL NAME | |
| Personal name | Hatcher, David |
| 245 00 - TITLE STATEMENT | |
| Title | Hotels |
| Remainder of title | special report |
| 260 ## - PUBLICATION, DISTRIBUTION, ETC. | |
| Date of publication, distribution, etc. | 2007 |
| 490 0# - SERIES STATEMENT | |
| Series statement | Property Week |
| Volume/sequential designation | 71(43) 26 October 2007, 99-107(5) |
| 520 ## - SUMMARY, ETC. | |
| Summary, etc. | Looks at how spanish hoteliers are moving to the UK; the market for three star hotels; US hotel operator Starwood's plans to bring its luxury W brand to London and Manchester. |
| 590 ## - LOCAL NOTE (RLIN) | |
| Local note | ka |
| 690 ## - LOCAL SUBJECT ADDED ENTRY--TOPICAL TERM (OCLC, RLIN) | |
| Topical term or geographic name as entry element | PROPERTY-COMMERCIAL PROPERTY-LEISURE PROPERTY-HOLIDAY AND GUEST PROPERTY-HOTEL PROPERTY |
| 942 ## - ADDED ENTRY ELEMENTS (KOHA) | |
| Suppress in OPAC | 0 |
| Withdrawn status | Lost status | Source of classification or shelving scheme | Damaged status | Not for loan | Home library | Current library | Shelving location | Date acquired | Total Checkouts | Full call number | Barcode | Date last seen | Copy number | Price effective from | Koha item type |
|---|---|---|---|---|---|---|---|---|---|---|---|---|---|---|---|
| Dewey Decimal Classification | London | London | Journal article | 30/10/2007 | L141141 | 141141-1001 | 06/08/2019 | 1 | 06/08/2019 | Journal article |